Pruebas de comprensión lectora y producción de textos CL-PT: 5° a 8° año básico. Marco conceptual y manual de aplicación y corrección
שמור ב:
| Main Authors: | , |
|---|---|
| מחבר תאגידי: | |
| פורמט: | ספר |
| שפה: | ספרדית |
| יצא לאור: |
Santiago
Universidad Católica de Chile
2010
|
| מהדורה: | 1a. ed |
| נושאים: | |
| תגים: |
הוספת תג
אין תגיות, היה/י הראשונ/ה לתייג את הרשומה!
|
MARC
| LEADER | 00000cam a2200000 a 4500 | ||
|---|---|---|---|
| 001 | UCG6755 | ||
| 003 | CL-VaPUC | ||
| 005 | 20241004083904.0 | ||
| 008 | 110520e20101100CL |||||||||||||||||spa|d | ||
| 999 | |c 344898 |d 344896 | ||
| 020 | |a 9789561411678 | ||
| 040 | |c Pontificia Universidad Católica de Valparaíso | ||
| 082 | 0 | 4 | |a 372.41 |b MED |2 21 |
| 100 | |a Medina Moreno, Alejandra |e autora |9 558156 | ||
| 110 | 2 | |a Fundación Educacional Arauco |e author |9 557123 | |
| 245 | 1 | 0 | |a Pruebas de comprensión lectora y producción de textos CL-PT: 5° a 8° año básico. Marco conceptual y manual de aplicación y corrección |
| 250 | |a 1a. ed | ||
| 260 | |a Santiago |b Universidad Católica de Chile |c 2010 | ||
| 300 | |a 347 p | ||
| 500 | |a Incluye CD con programa computacional | ||
| 500 | |a Incluye 10 cuadernillos para el cada nivel | ||
| 583 | |a last modification |c 20151230 09:35:46 |k Rodrigo Vera | ||
| 650 | 0 | |a Comprensión de lectura |9 307588 | |
| 650 | 0 | |a Enseñanza de la lectura |9 308364 | |
| 650 | 0 | |a Expresión escrita |9 334816 | |
| 650 | 0 | |a Escritura |9 264941 | |
| 650 | 0 | |a Lectura |9 307634 | |
| 700 | 0 | |a Gajardo, Ana María |e author |9 557122 | |
| 942 | |c BK |2 ddc | ||
| 945 | |d 20110520 00:00:00 |a dcastane | ||
| 952 | |0 0 |1 0 |4 0 |6 372_410000000000000_MED_2010 |7 0 |8 A |9 443248 |a FDOPOS |b BIBEDU |d 2019-11-22 |i 4779738 |l 2 |o 372.41 MED 2010 |p 4779738 |r 2025-01-22 |s 2024-03-27 |w 2019-11-22 |y BK |k DLA | ||
| 952 | |0 0 |1 0 |3 erb |4 0 |6 372_410000000000000_MED_2010 |7 0 |8 R |9 443250 |a BIBEDU |b BIBEDU |c MCIRC |i 5259010 |l 21 |m 1 |o 372.41 MED 2010 |p 5259010 |r 2025-04-14 |s 2025-04-11 |w 2019-11-22 |y BK_R |z Catalogado en:20151231 |k PAR | ||